Responsabilidad por daños causados por automotores /
Guardado en:
| Autor Principal: | |
|---|---|
| Formato: | Libro |
| Idioma: | Spanish |
| Publicado: |
Buenos Aires :
Lex,
1977
|
| Etiquetas: |
Agregar Etiqueta
Sin Etiquetas, Sea el primero en etiquetar este registro!
|
| LEADER | 00381nam a22001095a 4500 | ||
|---|---|---|---|
| 001 | DER.der000169 | ||
| 005 | 20160912000000.0 | ||
| 008 | 180615s1977####||||||||||||||||||||spa|| | ||
| 100 | 1 | |a Trigo Represas, Félix A. | |
| 245 | 1 | 0 | |a Responsabilidad por daños causados por automotores / |c Félix Alberto Trigo Represas |
| 260 | |a Buenos Aires : |b Lex, |c 1977 | ||
| 859 | |a DERECHO |b BIB. DERECHO |h 346.022 |i TRI |p 000065 | ||
